Państwa graniczące z Rumunią - Statystyki

Ogólne statystyki
  • Ten quiz został rozwiązany 108 razy
  • Średni wynik to 5 z 5
Statystyki odpowiedzi
Rozmiar Odpowiedź % Poprawnych
603 548 km² Ukraina
98%
33 846 km² Mołdawia
96%
93 025 km² Węgry
96%
88 499 km² Serbia
93%
110 994 km² Bułgaria
91%
Nie znaleziono quizów pasujących do podanych kryteriów
Rozkład punktacji
Procent ludzi z każdym wynikiem
Percentyl według liczby udzielonych odpowiedzi
Twoja historia wyników
Nie rozwiązałeś tego quizu